| 000 | 01099cam a22002651i 4500 | ||
|---|---|---|---|
| 003 | SA-RiAUC | ||
| 005 | 20251120142214.0 | ||
| 008 | 251120s2003 sy g 00000 ara c | ||
| 040 |
_aQA-DoFIS _bara _cSA-RiAUC. _erda |
||
| 050 | 4 | _b.I26 2003 | |
| 082 | 0 | 4 | _a251.13 |
| 090 |
_a251.13 _bا ب ن ق |
||
| 100 | 1 |
_aابن القطان، علي بن محمد بن عبد الملك، _d562-628 هجري _eمؤلف. |
|
| 245 | 1 | 2 |
_aالإقناع في مسائل الإجماع / _cأبو الحسن علي بن القطان الفاسي ؛ دراسة وتحقيق وشرح فاروق حمادة. |
| 250 | _aالطبعة الأولى. | ||
| 264 | 1 |
_aدمشق : _aبيروت : _bدار القلم ؛ _bالدار الشامية، _c2003 |
|
| 300 |
_a4 مجلد؛ _c24 سم. |
||
| 336 |
_aنص _btxt _2rdacontent _3كتاب |
||
| 337 |
_aبدون وسيط _bn _2rdamedia |
||
| 338 |
_aمجلد _bnc _2rdacarrier |
||
| 650 | 7 |
_aالإجماع (أصول فقه) _2aucsh |
|
| 700 | 1 |
_aحمادة، فاروق، _d1949- _eمحقق. |
|
| 942 |
_2ddc _cBOOK _n0 |
||
| 949 |
_aSA-JeALM _d251120 _ueid123 _n1 |
||
| 999 |
_c13397 _d13397 |
||